[Event "N4B4 Tournefeuille 2 - Rodez"]
[Site "?"]
[Date "2004.01.18"]
[Round "4.1"]
[White "Tarayre, Pascal"]
[Black "Tanguy, Fabien"]
[Result "0-1"]
[WhiteElo "1884"]
[BlackElo "2086"]
[EventDate "2004.??.??"]
[PlyCount "70"]

1.e4 g6 2.d4 Bg7 3.Nf3 d6 4.h3 Nf6 5.Nc3 O-O 6.Be2 c6 7.a4 Qa5 8.Bd2 Qb6 
9.Qc1 d5 10.a5 Qd8 11.e5 Ne4 12.Bh6 b6 13.Bxg7 Kxg7 14.Qe3 bxa5 15.Nxe4 
dxe4 16.Ng5 Na6 17.Nxe4 Nb4 18.Bd3 Ba6 19.Rc1 Nxd3+ 20.cxd3 Qd5 21.O-O 
Rfd8 22.Rc5 Qxd4 23.Qxd4 Rxd4 24.Rxa5 Bxd3 25.Rd1 Rxe4 26.Rxd3 Re1+ 27.Kh2
Re2 28.Rc3 Rxf2 29.Rxc6 Rb8 30.Kg3 Rbxb2 31.Rxa7 Rxg2+ 32.Kf3 Rh2 33.Rxe7 
Rxh3+ 34.Kg4 Rbb3 35.Rcc7 h5+ 0-1

[Event "N4B4 Castres - Lardenne"]
[Site "?"]
[Date "2004.01.18"]
[Round "4.8"]
[White "CWIEK, Françoise"]
[Black "BUITEN, Hermein"]
[Result "0-1"]
[WhiteElo "1010"]
[BlackElo "1499"]
[EventDate "2004.??.??"]
[PlyCount "60"]

1.d4 d6 2.e4 g6 3.Nf3 Bg7 4.c4 Nd7 5.Nc3 e6 6.Bd3 Ne7 7.O-O O-O 8.Re1 b6 
9.Bg5 f6 10.Bh4 Bb7 11.d5 Nc5 12.b4 Nxd3 13.Qxd3 Qd7 14.Nd4 e5 15.Ne6 Rf7 
16.b5 f5 17.Re3 Bf6 18.Rh3 f4 19.g3 Rc8 20.g4 c6 21.g5 Bg7 22.a4 cxd5 23.
exd5 Nf5 24.Ne4 Nd4 25.Nf6+ Bxf6 26.gxf6 Nxe6 27.dxe6 Qxe6 28.f3 Qxh3 29.
Qxd6 Qxf3 30.Rd1 Qg2# 0-1

[Event "N4B4 Castres - Lardenne"]
[Site "?"]
[Date "2004.01.18"]
[Round "4.7"]
[White "Guillet, Yvan"]
[Black "Foing, Marc"]
[Result "1-0"]
[WhiteElo "1499"]
[BlackElo "1499"]
[EventDate "2004.??.??"]
[PlyCount "162"]

1.e4 d6 2.d4 Nf6 3.Nc3 g6 4.h3 Bg7 5.Nf3 O-O 6.Bd3 Nbd7 7.O-O c6 8.Re1 e5 
9.dxe5 dxe5 10.Bg5 Qc7 11.Bh4 h6 12.Bg3 Nh5 13.Bh2 Nc5 14.Qe2 Ne6 15.g4 
Nhf4 16.Qf1 Bf6 17.Bg3 Qe7 18.Kh2 Ng5 19.Ng1 Nfxh3 20.Nxh3 Nf3+ 21.Kg2 
Bxg4 22.Re3 Qe6 23.Rxf3 Bxh3+ 24.Kh2 Bxf1 25.Rxf1 h5 26.Kg2 Kg7 27.Rh1 Rh8
28.Be2 Rh7 29.Rh3 Rah8 30.b3 h4 31.Bh2 Rh5 32.Kf1 Rg5 33.Nd1 Qg4 34.Bd3 
Qg2+ 35.Ke2 Rg4 36.Ne3 Qxf3+ 37.Kxf3 Rg5 38.Ng4 Rh7 39.Be2 Rh8 40.Ke3 Rgh5
41.f4 exf4+ 42.Bxf4 Rc5 43.Bd3 g5 44.b4 gxf4+ 45.Kxf4 Rch5 46.Be2 R5h7 47.
Rh1 Rd8 48.Rg1 Be7 49.Ne5+ Kf6 50.Ng4+ Kg6 51.Bd3 Bg5+ 52.Kf3 Kh5 53.Nf2 
Rhh8 54.Nh3 Be7 55.Rg7 Bxb4 56.Rg5+ Kh6 57.Kf4 Bd2+ 58.Kg4 Bxg5 59.Kf5 f6 
60.Nf2 Kh5 61.Be2+ Kh6 62.Ng4+ Kg7 63.Bd3 Rde8 64.Nh2 Rd8 65.Kg4 Rd6 66.e5
Rd4+ 67.Kh3 fxe5 68.Nf3 Rxd3 69.cxd3 Bf6 70.Kg4 Kg6 71.Nh2 b5 72.Kh3 a5 
73.Nf3 c5 74.Nd2 Kf5 75.Nf3 Rg8 76.Ne1 Rg3+ 77.Kh2 Kg4 78.Nc2 h3 79.Ne1 
Bg5 80.Nc2 Bf4 81.Kh1 Rxd3 1-0

[Event "N4B4 Castres - Lardenne"]
[Site "?"]
[Date "2004.01.18"]
[Round "4.6"]
[White "Reynes, Philippe"]
[Black "Brugel, Francis"]
[Result "1-0"]
[WhiteElo "1700"]
[BlackElo "1680"]
[EventDate "2004.??.??"]
[PlyCount "81"]

1.d4 Nf6 2.e3 e6 3.Bd3 Be7 4.f4 b6 5.Nf3 Bb7 6.O-O O-O 7.Nbd2 d6 8.e4 Nbd7
9.c3 c5 10.e5 dxe5 11.dxe5 Nd5 12.Ne4 c4 13.Bc2 h6 14.Kh1 Qc7 15.Nd4 Rfd8 
16.Qh5 Nf8 17.Nb5 Qd7 18.Nbd6 Bxd6 19.Nxd6 f5 20.Bd2 Bc6 21.a4 a6 22.h3 b5
23.axb5 axb5 24.Kh2 Kh7 25.Nxf5 exf5 26.Bxf5+ g6 27.Bxd7 gxh5 28.Bxc6 Rxa1
29.Rxa1 Ne7 30.Be4+ Kh8 31.Be3 Ne6 32.Ra7 Nd5 33.Bxd5 Rxd5 34.Ra8+ Kg7 35.
f5 Nf8 36.Bd4 b4 37.Ra7+ Kg8 38.Kg3 bxc3 39.bxc3 Nd7 40.Ra8+ Kf7 41.e6+ 
1-0

[Event "N4B4 Castres - Lardenne"]
[Site "?"]
[Date "2004.01.18"]
[Round "4.5"]
[White "Le Doare, William"]
[Black "Ohayon, Jérôme"]
[Result "0-1"]
[WhiteElo "1740"]
[BlackElo "1810"]
[EventDate "2004.??.??"]
[PlyCount "100"]

1.e4 c5 2.c3 d5 3.e5 d4 4.Bc4 Nc6 5.f4 Bf5 6.d3 e6 7.Nf3 Nge7 8.O-O h6 9.
Nbd2 Nd5 10.Ne4 a6 11.cxd4 cxd4 12.a3 Bxe4 13.dxe4 Ne3 14.Bxe3 dxe3 15.Qe2
Bc5 16.Rad1 Qc7 17.b4 Ba7 18.f5 Nxe5 19.fxe6 Qxc4 20.exf7+ Ke7 21.Nxe5 
Qxe2 22.Ng6+ Ke6 23.Nf4+ Kxf7 24.Nxe2+ Ke6 25.Rf5 g5 26.Rfd5 Rac8 27.Rd7 
Rc2 28.R1d6+ Ke5 29.Rd5+ Kxe4 30.Ng3+ Kf4 31.Rd4+ Bxd4 32.Rxd4+ Ke5 33.
Re4+ Kd5 34.Rxe3 Rc1+ 35.Kf2 Rf8+ 36.Ke2 Rc2+ 37.Kd3 Rxg2 38.Ne4 Rxh2 39.
Nc3+ Kc6 40.Na4 Rf6 41.Nc5 Ra2 42.Kd4 Rf4+ 43.Ke5 Raf2 44.Ne4 R2f3 45.Re1 
Rf1 46.Re2 Rc1 47.Rd2 Re1 48.Rd6+ Kc7 49.Rd4 Rfxe4+ 50.Rxe4 Rxe4+ 0-1

[Event "N4B4 Castres - Lardenne"]
[Site "?"]
[Date "2004.01.18"]
[Round "4.4"]
[White "Parpinel, Mario"]
[Black "Cazals, Philippe"]
[Result "1/2-1/2"]
[WhiteElo "1780"]
[BlackElo "1850"]
[EventDate "2004.??.??"]
[Annotator "cwiek"]
[PlyCount "79"]

1.e4 d6 2.d4 Nf6 3.Nc3 g6 4.Bg5 c6 5.Qd2 b5 6.Bd3 Nbd7 7.Bh6 Bb7 8.Nf3 Qc7
9.Bxf8 Rxf8 10.b3 O-O-O 11.a4 b4 12.Ne2 a5 13.c3 bxc3 14.Nxc3 Qb6 15.O-O 
Kb8 16.Na2 e5 17.b4 exd4 18.bxa5 Qa7 19.Qb2 Kc7 20.Nxd4 Ne5 21.Qc3 Kd7 22.
Bc2 Ra8 23.Nf3 Qxa5 24.Nxe5+ Qxe5 25.Qh3+ Ke7 26.Kh1 Bc8 27.Qg3 Qxg3 28.
hxg3 c5 29.Nc3 Be6 30.Bd3 Ra5 31.Rfe1 Rfa8 32.Bb5 Kf8 33.f3 d5 34.Bc6 Rd8 
35.exd5 Nxd5 36.Nxd5 Bxd5 37.Rad1 c4 38.Re5 Rc5 39.Rexd5 Rdxd5 40.Rxd5 
1/2-1/2

[Event "N4B4 Castres - Lardenne"]
[Site "?"]
[Date "2004.01.18"]
[Round "4.3"]
[White "Le Doare, Bernard"]
[Black "Surre, Frédéric"]
[Result "0-1"]
[WhiteElo "1960"]
[BlackElo "1830"]
[EventDate "2004.??.??"]
[PlyCount "130"]

1.d4 Nf6 2.Nf3 g6 3.c4 Bg7 4.Nc3 O-O 5.e4 d6 6.Be2 e5 7.O-O Nc6 8.d5 Ne7 
9.b4 Nh5 10.Re1 f5 11.Ng5 Nf6 12.Bf3 c6 13.b5 h6 14.Ne6 Bxe6 15.dxe6 fxe4 
16.Nxe4 Nxe4 17.Bxe4 d5 18.cxd5 cxd5 19.Bc2 Qb6 20.Qd2 e4 21.Ba3 Rxf2 22.
Qxf2 Bd4 23.Rf1 Bxf2+ 24.Rxf2 Rf8 25.Rf1 Rxf2 26.Rxf2 Qxe6 27.Bb3 e3 28.
Re2 Nf5 29.Bb2 h5 30.Kf1 Kf8 31.Rc2 Qd7 32.Rc5 Ne7 33.Ke2 Qg4+ 34.Kxe3 
Qe4+ 35.Kf2 Qf4+ 36.Ke2 Qe4+ 37.Kf2 Qf4+ 38.Ke2 Qxh2 39.Kf3 Qh4 40.Ba3 
Qe4+ 41.Kf2 Qf4+ 42.Ke2 Ke8 43.Rc3 d4 44.Rf3 Qe4+ 45.Kd2 Nf5 46.Bc2 Qg4 
47.Rf2 Qg3 48.Re2+ Kd7 49.Bb4 Ne3 50.Be4 Nc4+ 51.Kc2 Na3+ 52.Kb2 Nxb5 53.
Bxb7 a5 54.Bd2 Qa3+ 55.Kc2 d3+ 56.Kd1 dxe2+ 57.Kxe2 Nd4+ 58.Kf2 Qxa2 59.
Ke3 Qb3+ 60.Kxd4 Qxb7 61.g3 Ke6 62.Bf4 Qd5+ 63.Kc3 g5 64.Bb8 Qc5+ 65.Kd3 
Qb5+ 0-1

[Event "N4B4 Castres - Lardenne"]
[Site "?"]
[Date "2004.01.18"]
[Round "4.2"]
[White "Videau, Yannick"]
[Black "Bottu, Eric"]
[Result "1-0"]
[WhiteElo "1830"]
[BlackElo "2030"]
[EventDate "2004.??.??"]
[PlyCount "95"]

1.e4 c5 2.Nc3 d6 3.f4 Nf6 4.Nf3 e6 5.Bb5+ Nc6 6.O-O a6 7.Bxc6+ bxc6 8.d3 
Be7 9.Qe1 O-O 10.Qg3 Qb6 11.Kh1 Bd7 12.Qh3 e5 13.f5 Qc7 14.g4 d5 15.g5 Ne8
16.Qg3 Bd6 17.Rg1 d4 18.Nd1 c4 19.Qh4 f6 20.g6 hxg6 21.fxg6 Rf7 22.Qh7+ 
Kf8 23.gxf7 Kxf7 24.Bh6 Bf8 25.Nf2 Ke7 26.Bd2 Nd6 27.Rg3 cxd3 28.cxd3 Re8 
29.Bh6 Kd8 30.Bxg7 Be7 31.Qh6 Nf7 32.Qd2 Kc8 33.Ng4 Qd6 34.Nh6 Nxh6 35.
Qxh6 Qb4 36.Qd2 Qb7 37.h4 c5 38.h5 Bc6 39.Re1 Kb8 40.h6 f5 41.Nxe5 Bh4 42.
Nxc6+ Ka8 43.Rg6 Bxe1 44.Qxe1 Qxb2 45.h7 Qxa2 46.h8=Q Rxh8+ 47.Bxh8 Qf7 
48.Rg7 1-0

[Event "N4B4 Castres - Lardenne"]
[Site "?"]
[Date "2004.01.18"]
[Round "4.1"]
[White "Scandella, Thierry"]
[Black "Cwiek, Loïc"]
[Result "1-0"]
[WhiteElo "2130"]
[BlackElo "2046"]
[EventDate "2004.??.??"]
[PlyCount "77"]

1.g3 d5 2.Bg2 Nf6 3.Nf3 Bf5 4.c4 c6 5.Qb3 Qb6 6.Qxb6 axb6 7.cxd5 Nxd5 8.
Na3 e6 9.d3 Bg6 10.Nc2 Nd7 11.O-O Bd6 12.Ne3 h6 13.Nxd5 exd5 14.e4 dxe4 
15.dxe4 Ne5 16.Rd1 Nxf3+ 17.Bxf3 Rd8 18.Be3 Bc7 19.Rxd8+ Kxd8 20.Rd1+ Ke7 
21.Bg4 Rd8 22.Rxd8 Kxd8 23.f3 Ke7 24.Kf2 f6 25.Bd4 Bf7 26.a3 Be6 27.Bh5 c5
28.Bc3 b5 29.Ke3 Bb6 30.f4 c4+ 31.Bd4 Bc7 32.Bf3 Bd7 33.e5 Bc6 34.Bg4 fxe5
35.fxe5 b6 36.Bc3 Bd7 37.Bb4+ Ke8 38.e6 Bc6 39.Bh5+ 1-0

[Event "N4B4 Cahors - Montauban"]
[Site "?"]
[Date "2004.01.18"]
[Round "4.8"]
[White "Ravon, Michel"]
[Black "Rouqual, Guy"]
[Result "0-1"]
[WhiteElo "1499"]
[BlackElo "1490"]
[EventDate "2004.??.??"]
[PlyCount "65"]

1.d4 d5 2.c4 c6 3.Nf3 Nf6 4.Nc3 e6 5.Bg5 Nbd7 6.e3 Be7 7.Bd3 dxc4 8.Bxc4 
b5 9.Bd3 a6 10.O-O Bb7 11.Rc1 c5 12.dxc5 Nxc5 13.Be2 O-O 14.b4 Ncd7 15.Qd4
h6 16.Bh4 Nb6 17.Rfd1 Nbd5 18.Nxd5 Nxd5 19.Bxe7 Qxe7 20.a3 Rfd8 21.Qb2 Rd6
22.Rc5 Rad8 23.Rdc1 Nf6 24.Rc7 R6d7 25.Rxd7 Qxd7 26.Nd4 Ne4 27.f3 Nf6 28.
Nb3 Qe8 29.Nc5 Qe7 30.e4 Ne8 31.Qc2 Rd6 32.Rd1 Rc6 33.Rd7 0-1

[Event "N4B4 Cahors - Montauban"]
[Site "?"]
[Date "2004.01.18"]
[Round "4.7"]
[White "Salvignac, Rémy"]
[Black "Nougayrede, Jean-Louis"]
[Result "1-0"]
[WhiteElo "1650"]
[BlackElo "1660"]
[EventDate "2004.??.??"]
[PlyCount "152"]

1.d4 d5 2.Nf3 g6 3.Bg5 Bg7 4.g3 Nd7 5.Bg2 c6 6.Nbd2 Ngf6 7.c3 Qb6 8.Qb3 a6
9.O-O O-O 10.Rfe1 Qxb3 11.Nxb3 h6 12.Bf4 Kh7 13.Nbd2 Re8 14.Ne5 Nxe5 15.
Bxe5 Nd7 16.Bxg7 Kxg7 17.e4 dxe4 18.Nxe4 Kf8 19.Re3 Nb6 20.Nd2 Be6 21.b3 
Nd5 22.Bxd5 cxd5 23.Nf3 Rad8 24.Ne5 Kg7 25.Rae1 Bc8 26.Nd3 e6 27.f4 b6 28.
Kf2 Rg8 29.Ne5 Rd6 30.h4 h5 31.Rh1 f6 32.Nf3 Rh8 33.Rc1 b5 34.Nd2 Bd7 35.
Nf3 Rc8 36.Re2 Rdc6 37.Rec2 R6c7 38.Ne1 Rf8 39.Nd3 Bc8 40.Re1 Re7 41.Nc5 
Rfe8 42.Rce2 Kf7 43.b4 f5 44.Ra1 Ra7 45.a4 Ree7 46.Rea2 Rac7 47.axb5 axb5 
48.Ra8 Bb7 49.R8a5 Bc6 50.Ra6 Kf6 51.Rb6 Be8 52.Raa6 Bd7 53.Ke3 Kf7 54.Kd3
Bc8 55.Ra5 Bd7 56.Nxd7 Rexd7 57.Rbxb5 Rc6 58.Rc5 Rdc7 59.Rxc6 Rxc6 60.Kc2 
Rc7 61.Kb2 Ke7 62.Ra8 Rb7 63.Rh8 Kf6 64.Ra8 Ke7 65.Kb3 Rc7 66.b5 Rb7 67.
Kb4 Rc7 68.Ra3 Rb7 69.Kc5 Kd7 70.b6 Kc8 71.Ra7 Kb8 72.Rxb7+ Kxb7 73.Kb5 
Kb8 74.Kc6 Kc8 75.Kd6 Kb7 76.Kxe6 Kxb6 1-0

[Event "N4B4 Cahors - Montauban"]
[Site "?"]
[Date "2004.01.18"]
[Round "4.6"]
[White "Petat, Yannick"]
[Black "Chartier, Gilles"]
[Result "1-0"]
[WhiteElo "1710"]
[BlackElo "1710"]
[EventDate "2004.??.??"]
[PlyCount "93"]

1.d4 Nf6 2.c4 e5 3.dxe5 Ng4 4.Bf4 Bb4+ 5.Nd2 Nc6 6.Nf3 f6 7.e3 fxe5 8.Bg5 
Nf6 9.Bd3 d5 10.Bxf6 gxf6 11.cxd5 Qxd5 12.Qc2 Bxd2+ 13.Qxd2 Be6 14.e4 Qd6 
15.Bb5 O-O-O 16.Ba4 Rhg8 17.g3 Bg4 18.Qxd6 Rxd6 19.Nd2 Rgd8 20.f3 Bh3 21.
Nc4 Rd4 22.Bxc6 Rxc4 23.Bd5 Rd4 24.g4 Bg2 25.Rg1 Bxf3 26.Rf1 Bxe4 27.Be6+ 
Kb8 28.Rxf6 R4d6 29.g5 Re8 30.Rd1 Rxd1+ 31.Kxd1 a6 32.h4 Ka7 33.Ke2 Bg6 
34.Bg4 Rd8 35.h5 Bb1 36.a3 Rg8 37.Bf5 e4 38.g6 hxg6 39.Rxg6 Rf8 40.Rg5 Rh8
41.Ke3 c5 42.Bg6 c4 43.Re5 Kb6 44.Re8 Rh6 45.Kf4 Kc5 46.Kg5 Rxg6+ 47.hxg6 
1-0

[Event "N4B4 Cahors - Montauban"]
[Site "?"]
[Date "2004.01.18"]
[Round "4.5"]
[White "Van Steenbergen, Alain"]
[Black "Lecoultre, Patrick"]
[Result "0-1"]
[WhiteElo "1850"]
[BlackElo "1770"]
[EventDate "2004.??.??"]
[PlyCount "71"]

1.e4 c5 2.Nf3 d6 3.d4 cxd4 4.Nxd4 Nf6 5.Nc3 g6 6.Be3 Bg7 7.f3 O-O 8.Qd2 
Nc6 9.O-O-O Bd7 10.Nb3 a5 11.Na4 Be6 12.Nb6 a4 13.Nd4 Bxa2 14.Nxa8 Qxa8 
15.Nb5 Nd7 16.Nc3 Be6 17.Bh6 a3 18.b3 Qa7 19.Bxg7 Kxg7 20.Nb5 Qc5 21.Qc3+ 
Qxc3 22.Nxc3 Rc8 23.Nd5 Kf8 24.Bb5 Na7 25.Bxd7 Bxd7 26.Nb6 Rc7 27.Nxd7+ 
Rxd7 28.Rd5 b6 29.e5 Rc7 30.Kd2 dxe5 31.Rxe5 Nc6 32.Ree1 Nb4 33.Rc1 a2 34.
c3 Nd5 35.c4 Nb4 36.Ke2 {Les noirs gagnent. Mais pourquoi?} 0-1

[Event "N4B4 Cahors - Montauban"]
[Site "?"]
[Date "2004.01.18"]
[Round "4.4"]
[White "De Jong, Arjen"]
[Black "Thamier, Stephan"]
[Result "1/2-1/2"]
[WhiteElo "1760"]
[BlackElo "1870"]
[EventDate "2004.??.??"]
[PlyCount "71"]

1.e4 e5 2.Nf3 Nc6 3.Bb5 d6 4.c3 Nf6 5.d4 exd4 6.cxd4 Bd7 7.Nc3 a6 8.Ba4 b5
9.Bb3 Be7 10.O-O O-O 11.h3 b4 12.e5 dxe5 13.dxe5 bxc3 14.exf6 Bxf6 15.Rb1 
Rb8 16.bxc3 Bf5 17.Ba3 Bxb1 18.Bxf8 Qxf8 19.Qxb1 Na5 20.Qc2 Qc5 21.Rc1 h6 
22.Nd2 Qe5 23.Nf3 Qf4 24.Rb1 c5 25.c4 Nxc4 26.Re1 Ne5 27.Nxe5 Bxe5 28.g3 
Qd4 29.Qf5 Bf6 30.Rd1 Qc3 31.Rd7 c4 32.Bc2 g6 33.Qd5 Qe1+ 34.Kg2 Qe6 35.
Qxe6 fxe6 36.Bxg6 1/2-1/2

[Event "N4B4 Cahors - Montauban"]
[Site "?"]
[Date "2004.01.18"]
[Round "4.3"]
[White "Canivet, Christophe"]
[Black "Forestie, Pierre"]
[Result "0-1"]
[WhiteElo "1840"]
[BlackElo "1930"]
[EventDate "2004.??.??"]
[PlyCount "122"]

1.c4 e6 2.e4 d5 3.cxd5 exd5 4.exd5 Nf6 5.Qe2+ Be7 6.Nc3 O-O 7.Qc4 b6 8.g3 
Ba6 9.Qf4 Re8 10.Nge2 Nbd7 11.d4 Bb4 12.Qh4 Nxd5 13.Qxd8 Raxd8 14.Bd2 N7f6
15.O-O-O Ng4 16.Nxd5 Bxd2+ 17.Rxd2 Rxd5 18.Bg2 Rf5 19.Nf4 g5 20.Bh3 gxf4 
21.Bxg4 Rf6 22.Bd7 Re7 23.Ba4 Bb7 24.d5 Rd6 25.Rhd1 Re5 26.Bb3 Rf5 27.Rc2 
fxg3 28.fxg3 Bxd5 29.Bxd5 Rdxd5 30.Rxd5 Rxd5 31.Rxc7 a5 32.a4 Rd6 33.Rc4 
Kg7 34.Kc2 Rf6 35.Rg4+ Kf8 36.Rf4 Rh6 37.h4 Rg6 38.g4 Ke7 39.Rc4 Kd6 40.
Kd3 Rh6 41.g5 Rg6 42.b4 axb4 43.Rxb4 Kc5 44.Rb5+ Kc6 45.Rf5 h6 46.Rf6+ 
Rxf6 47.gxf6 Kd5 48.h5 Kc5 49.Kc3 b5 50.axb5 Kxb5 51.Kd4 Kc6 52.Ke5 Kc5 
53.Ke4 Kd6 54.Kf5 Kd5 55.Kf4 Ke6 56.Ke4 Kxf6 57.Kf4 Ke6 58.Ke4 f5+ 59.Kf4 
Kf6 60.Kf3 Kg5 61.Kg3 Kxh5 0-1

[Event "N4B4 Cahors - Montauban"]
[Site "?"]
[Date "2004.01.18"]
[Round "4.2"]
[White "Hoareau, Nicolas"]
[Black "Nivat, Alain"]
[Result "0-1"]
[WhiteElo "1930"]
[BlackElo "1980"]
[EventDate "2004.??.??"]
[PlyCount "68"]

1.d4 Nf6 2.Nf3 e6 3.Bg5 d5 4.e3 h6 5.Bh4 Bd6 6.Bd3 Nbd7 7.Nbd2 e5 8.e4 c6 
9.Bg3 Qc7 10.O-O O-O 11.Re1 dxe4 12.Nxe4 Nxe4 13.Bxe4 exd4 14.Bxd6 Qxd6 
15.Qxd4 Qf6 16.Rad1 Qxd4 17.Nxd4 Nf6 18.Bf3 Bd7 19.Nb3 Rfe8 20.h3 Bf5 21.
Na5 Bxc2 22.Rxe8+ Rxe8 23.Rc1 Be4 24.Bxe4 Rxe4 25.Nxb7 Rb4 26.Nd6 Rxb2 27.
Rxc6 Rxa2 28.Rc8+ Kh7 29.Nxf7 a5 30.Ne5 a4 31.Ra8 a3 32.f3 Re2 33.Nc4 a2 
34.Kf1 Rc2 0-1

[Event "N4B4 Cahors - Montauban"]
[Site "?"]
[Date "2004.01.18"]
[Round "4.1"]
[White "Marty, Damien"]
[Black "Gregory, Daniel"]
[Result "0-1"]
[WhiteElo "2030"]
[BlackElo "2036"]
[EventDate "2004.??.??"]
[PlyCount "136"]

1.e4 c5 2.Nc3 a6 3.a4 Nc6 4.g3 Rb8 5.Bg2 g6 6.d3 Bg7 7.Nge2 d6 8.O-O e6 9.
Be3 Nge7 10.Qd2 Nd4 11.Bh6 Bxh6 12.Qxh6 Nec6 13.f4 Qe7 14.e5 Nf5 15.exd6 
Nxh6 16.dxe7 Nxe7 17.Ne4 Nhf5 18.Nxc5 Ne3 19.Rfc1 Nxg2 20.Kxg2 b6 21.Ne4 
Bb7 22.Kf2 Rd8 23.Nf6+ Kf8 24.Nc3 Kg7 25.Nce4 Nf5 26.Rd1 Nd6 27.g4 Nxe4+ 
28.Nxe4 h6 29.b4 f5 30.gxf5 exf5 31.Ng3 Rd4 32.Ke3 Rxb4 33.Rdb1 Re8+ 34.
Kd2 Rxf4 35.Rxb6 Rf2+ 36.Kc3 Re7 37.Rab1 Bc8 38.Rc6 Bb7 39.Rd6 Rc7+ 40.Kd4
Rf4+ 41.Ke5 Rxa4 42.c4 Ra5+ 43.Kd4 Kh7 44.Rbb6 Rg7 45.c5 f4 46.Ne4 Ra4+ 
47.Ke5 Bxe4 48.dxe4 f3 49.Rf6 Re7+ 50.Kd6 Raxe4 51.Rxf3 R4e6+ 52.Kd5 Re5+ 
53.Kd4 Re4+ 54.Kd3 Re1 55.Rxa6 Rc1 56.Kd4 Rd7+ 57.Rd6 Rc7 58.Rd5 Kg7 59.
Rc3 Rxc3 60.Kxc3 Kf6 61.Kc4 Ra7 62.Rd6+ Kf5 63.c6 Ra2 64.Kb5 Rb2+ 65.Ka6 
Rxh2 66.Kb7 Rc2 67.Rd5+ Ke6 68.Ra5 Rb2+ {Les blancs abandonnent.} 0-1

[Event "N4A4 Auch - Condom 2"]
[Site "?"]
[Date "2004.01.18"]
[Round "4.8"]
[White "Rouède, Gilbert"]
[Black "Martin, Stéphane"]
[Result "1-0"]
[WhiteElo "1810"]
[BlackElo "1660"]
[EventDate "2004.??.??"]
[PlyCount "84"]

1.e4 c6 2.d4 d5 3.Nc3 dxe4 4.Nxe4 Nf6 5.Ng3 Bg4 6.Qd3 e6 7.h3 Bh5 8.Nxh5 
Nxh5 9.Be2 Nf6 10.Nf3 Be7 11.O-O O-O 12.c4 c5 13.Rd1 cxd4 14.Nxd4 Nc6 15.
Nxc6 bxc6 16.Qf3 Qb6 17.b3 Rfd8 18.Bb2 Rxd1+ 19.Rxd1 Rd8 20.Rxd8+ Bxd8 21.
Qd3 c5 22.Qf3 Qb8 23.Qc6 Be7 24.Bf3 Ne8 25.Ba3 Bd6 26.Bxc5 Bxc5 27.Qxc5 g6
28.Qe7 Ng7 29.Qb7 Qd8 30.Qxa7 Ne8 31.c5 Kg7 32.b4 Nc7 33.Qb6 Qd7 34.Qd6 
Qc8 35.c6 Kf6 36.a4 Ne8 37.Qd7 Qb8 38.b5 Nc7 39.Qd4+ e5 40.Qd6+ Kf5 41.g4+
Kg5 42.Qxe5+ f5 1-0

[Event "N4A4 Auch - Condom 2"]
[Site "?"]
[Date "2004.01.18"]
[Round "4.7"]
[White "Calatrava, Julian"]
[Black "Join, Etienne"]
[Result "1-0"]
[WhiteElo "1660"]
[BlackElo "1790"]
[EventDate "2004.??.??"]
[PlyCount "48"]

1.e4 e5 2.Nf3 Nc6 3.Bb5 a6 4.Ba4 Bc5 5.c3 Nf6 6.O-O O-O 7.d4 exd4 8.cxd4 
Bb4 9.a3 Ba5 10.b4 Bb6 11.Re1 d6 12.h3 h6 13.Nc3 Ne7 14.Be3 c6 15.Qd2 Ng6 
16.Bxh6 gxh6 17.Qxh6 Nh7 18.e5 dxe5 19.Ne4 Nf6 20.Nfg5 Re8 21.Bb3 Be6 22.
Bxe6 Rxe6 23.Nxe6 fxe6 24.Qxg6+ Kf8 1-0

[Event "N4A4 Auch - Condom 2"]
[Site "?"]
[Date "2004.01.18"]
[Round "4.6"]
[White "Golic, Nadil"]
[Black "Alegret, Jean-Pierre"]
[Result "1-0"]
[WhiteElo "1970"]
[BlackElo "1590"]
[EventDate "2004.??.??"]
[PlyCount "63"]

1.d4 f5 2.c4 Nf6 3.Nc3 e6 4.Nf3 Be7 5.g3 d5 6.cxd5 exd5 7.Bg2 O-O 8.O-O c6
9.a3 Ne4 10.Qc2 Nd7 11.Ne1 Ndf6 12.f3 Nd6 13.b3 Nh5 14.Nd3 Qb6 15.Nc5 f4 
16.g4 Nf6 17.Bxf4 Nd7 18.N3a4 Qb5 19.Ne6 Rf6 20.Nc7 Qa5 21.Bxd6 Bxd6 22.
Nxa8 Rh6 23.h3 Qd8 24.e4 Bf4 25.Rae1 Qh4 26.Qf2 Bg3 27.Qe3 Rf6 28.f4 Bxf4 
29.Rxf4 Rxf4 30.exd5 Nf6 31.Rf1 Rxf1+ 32.Kxf1 1-0

[Event "N4A4 Auch - Condom 2"]
[Site "?"]
[Date "2004.01.18"]
[Round "4.5"]
[White "Porche, Christian"]
[Black "Stamenoff, Ivan"]
[Result "1/2-1/2"]
[WhiteElo "1620"]
[BlackElo "2009"]
[EventDate "2004.??.??"]
[PlyCount "47"]

1.e4 c5 2.c3 d5 3.exd5 Qxd5 4.d4 Nf6 5.Nf3 Nc6 6.Be2 Bg4 7.dxc5 Qxc5 8.Be3
Qd5 9.O-O e6 10.Nd4 Bxe2 11.Qxe2 Nxd4 12.Bxd4 Be7 13.Nd2 O-O 14.Nf3 a6 15.
Rfd1 Qe4 16.Qxe4 Nxe4 17.Bb6 Bc5 18.Bxc5 Nxc5 19.Rd4 Rfd8 20.Rad1 Rxd4 21.
Rxd4 Kf8 22.b4 Na4 23.c4 Nb6 24.c5 1/2-1/2

[Event "N4A4 Auch - Condom 2"]
[Site "?"]
[Date "2004.01.18"]
[Round "4.4"]
[White "Pokee, Anne-Josèphe"]
[Black "Beaurain, Louis"]
[Result "1/2-1/2"]
[WhiteElo "2000"]
[BlackElo "1860"]
[EventDate "2004.??.??"]
[PlyCount "80"]

1.e4 e6 2.Nc3 d5 3.exd5 exd5 4.d4 c6 5.Bf4 Ne7 6.Nf3 Ng6 7.Bg3 Bg4 8.Be2 
Be7 9.O-O O-O 10.Re1 Nd7 11.h3 Bh5 12.Ne5 Bxe2 13.Qxe2 Ngxe5 14.dxe5 Nc5 
15.Rad1 Re8 16.Kh1 Bf8 17.Qg4 g6 18.a3 Bg7 19.b4 h5 20.Qe2 Nd7 21.f4 f5 
22.Qd3 Re6 23.Nxd5 Nxe5 24.fxe5 cxd5 25.Qxd5 Qxd5 26.Rxd5 g5 27.Rd6 Rae8 
28.Rxe6 Rxe6 29.Bf2 Rxe5 30.Rxe5 Bxe5 31.Bxa7 b5 32.Be3 g4 33.hxg4 hxg4 
34.Bc1 Bc3 35.Kg1 Kf7 36.Kf2 Ke6 37.Ke3 Kd5 38.Kd3 Be5 39.c3 f4 40.Bd2 Bd6
1/2-1/2

[Event "N4A4 Auch - Condom 2"]
[Site "?"]
[Date "2004.01.18"]
[Round "4.3"]
[White "Rauzières, Guy"]
[Black "Mesples, Jean-Marc"]
[Result "0-1"]
[WhiteElo "1830"]
[BlackElo "2050"]
[EventDate "2004.??.??"]
[PlyCount "64"]

1.Nf3 d5 2.c4 dxc4 3.e3 Nf6 4.Bxc4 e6 5.Nc3 a6 6.d4 c5 7.O-O b5 8.Bd3 Bb7 
9.a3 Be7 10.dxc5 Bxc5 11.Qe2 O-O 12.Rd1 Qe7 13.b4 Ba7 14.Bb2 Nbd7 15.Rac1 
Rac8 16.Nd2 Nb6 17.Nce4 Nxe4 18.Nxe4 Bxe4 19.Bxe4 Nc4 20.Bd4 Bxd4 21.Rxd4 
f5 22.Bb1 Nxa3 23.Rcd1 Nxb1 24.Rxb1 Rfd8 25.g3 Rxd4 26.exd4 Qd6 27.Re1 Rc6
28.Qh5 g6 29.Qf3 Kf7 30.g4 Qxb4 31.Re5 Rc1+ 32.Kg2 Qxd4 0-1

[Event "N4A4 Auch - Condom 2"]
[Site "?"]
[Date "2004.01.18"]
[Round "4.2"]
[White "Levieux, Pascal"]
[Black "Vitrou, Jonathan"]
[Result "1-0"]
[WhiteElo "2056"]
[BlackElo "1850"]
[EventDate "2004.??.??"]
[PlyCount "43"]

1.d4 d5 2.c4 e6 3.g3 Nf6 4.Bg2 c6 5.Nf3 Nbd7 6.Qc2 Bd6 7.O-O O-O 8.Nbd2 
Re8 9.Rd1 b6 10.e4 dxe4 11.Nxe4 Be7 12.Ne5 Nxe5 13.Nxf6+ gxf6 14.dxe5 Qc7 
15.exf6 Bxf6 16.Be4 h5 17.Qe2 Ba6 18.Qxh5 Bxc4 19.Bf4 e5 20.Bh6 Rac8 21.
Qf5 Bg7 22.Qh7+ 1-0

[Event "N4A4 Auch - Condom 2"]
[Site "?"]
[Date "2004.01.18"]
[Round "4.1"]
[White "Dargagon, Rémi"]
[Black "Le Gallen, Luc"]
[Result "0-1"]
[WhiteElo "2122"]
[BlackElo "2130"]
[EventDate "2004.??.??"]
[PlyCount "74"]

1.e4 c5 2.Nc3 Nc6 3.f4 e6 4.Nf3 d5 5.Bb5 Nf6 6.Qe2 Be7 7.e5 Nd7 8.O-O Nd4 
9.Nxd4 cxd4 10.Nd1 Qb6 11.Kh1 a6 12.Ba4 O-O 13.Bxd7 Bxd7 14.d3 Rac8 15.b3 
Rc7 16.Bb2 Rfc8 17.Rc1 Bb4 18.Qf2 Bc5 19.Re1 a5 20.a3 Rc6 21.Re2 Qa7 22.
Qe1 b5 23.Nf2 R8c7 24.Nh3 Qa8 25.Ng1 Qf8 26.Ra1 Bb6 27.Qd1 Qc8 28.Rc1 b4 
29.axb4 axb4 30.Qd2 Ra7 31.Qxb4 Bc5 32.Qd2 Ra2 33.Rb1 Qa8 34.Nf3 Rxb2 35.
Rxb2 Qa1+ 36.Re1 Qxb2 37.Qa5 Rc8 0-1

[Event "N4A4  Tarbes - Muret"]
[Site "?"]
[Date "2004.01.18"]
[Round "4.8"]
[White "Spanoudakis, Serge"]
[Black "Carassus, Jean-Louis"]
[Result "0-1"]
[WhiteElo "1600"]
[BlackElo "1710"]
[EventDate "2004.??.??"]
[PlyCount "116"]

1.Nf3 Nc6 2.d4 d5 3.c4 e6 4.Nc3 Nf6 5.Bf4 a6 6.e3 Be7 7.a3 Nh5 8.Bg3 Nxg3 
9.hxg3 Bd7 10.cxd5 exd5 11.Nxd5 Bd6 12.Bd3 h6 13.Rc1 Bg4 14.Qc2 Bxg3 15.
Nc3 Bd6 16.Be4 Qd7 17.Na4 Nd8 18.Nc5 Qe7 19.Nxb7 Nxb7 20.Bxb7 Rb8 21.Bxa6 
O-O 22.Bd3 Rfe8 23.Nh2 Be6 24.Nf3 Qf6 25.Kd2 Rb6 26.b4 Ra8 27.Ra1 Bd7 28.
Be4 Ra7 29.Rhb1 Qe6 30.d5 Qg4 31.Nd4 Rba6 32.Qd3 g6 33.Bf3 Qg5 34.Nb5 Bxb5
35.Qxb5 Rxa3 36.Rxa3 Rxa3 37.Qc4 Qf5 38.Qe4 Ra2+ 39.Ke1 Qd7 40.Qc4 Qa4 41.
Bd1 Qa8 42.Qc6 Qd8 43.Qc4 Ra3 44.b5 Qg5 45.Bf3 Qe5 46.Ke2 Rc3 47.Qe4 Qf6 
48.b6 cxb6 49.Rxb6 Ra3 50.Qb1 Qe5 51.Qb2 Qe7 52.Rb7 Qd8 53.Bg4 Qa8 54.Qb5 
Ra2+ 55.Kf3 Qd8 56.Qd3 Qf6+ 57.Bf5 gxf5 58.Qb5 Qg6 0-1

[Event "N4A4  Tarbes - Muret"]
[Site "?"]
[Date "2004.01.18"]
[Round "4.7"]
[White "Lacomme, Christophe"]
[Black "Costes, Laurent"]
[Result "1-0"]
[WhiteElo "1770"]
[BlackElo "1780"]
[EventDate "2004.??.??"]
[PlyCount "109"]

1.d4 d5 2.Bf4 Nf6 3.e3 c5 4.c3 c4 5.Nf3 Bg4 6.Be2 Nbd7 7.Nbd2 e6 8.h3 Bh5 
9.g4 Bg6 10.Nh4 Be7 11.Nxg6 fxg6 12.Qc2 O-O 13.Bg3 b5 14.e4 Nb6 15.e5 Nfd7
16.h4 a5 17.g5 Qe8 18.Bg4 Bd8 19.f4 h5 20.gxh6 gxh6 21.Nf3 Kg7 22.Ke2 h5 
23.Bh3 Rf7 24.Rhg1 Nf8 25.Rg2 Raa7 26.Rag1 Kh6 27.Bf2 Rg7 28.Be3 Kh7 29.
Ng5+ Bxg5 30.Rxg5 Kh8 31.Bf1 a4 32.Ke1 Nc8 33.Be2 Qf7 34.Bxh5 gxh5 35.Rxg7
Qxg7 36.Rxg7 Rxg7 37.Qe2 Rg4 38.Bf2 Ne7 39.Qf3 Nf5 40.b3 axb3 41.axb3 Ng6 
42.bxc4 bxc4 43.Kf1 Nxf4 44.Qd1 Nxh4 45.Bxh4 Rxh4 46.Qa4 Rg4 47.Qe8+ Kg7 
48.Qe7+ Kh6 49.Qf6+ Rg6 50.Qxf4+ Kg7 51.Ke2 Rg2+ 52.Kd1 Rg6 53.Kc2 Rh6 54.
Qh4 Kf7 55.Qg5 1-0